00353nam a22000977a 4500082001200000100002000012245011000032260004100142650003600183700003600219 a200 THE aQasim Umar Khan aTH-SOF-1251-ANALYSIS AND DESIGN OF RECTANGULSR UNDER MICTROSTRIP PATCH ANTENNAS USING HIGHER OREDER MODES aIslamabadbNUST College of EMEc2016 aPHD ELECTRICAL ENGINEERING PHD  aSupervisor DR MOJEEB BIN IHSAN